000 00577nam a2200205Ii 4500
003 JO-AjNU
008 230606s9999||||xx |||||||||||||| ||und||
020 _a978-0-7641-4139-3
040 _aJO-AjNU
_beng
_erda
_cJO-AjNU
041 _aeng
050 1 4 _aQA5.D69 2009
100 3 _aDowning,Douglas,
_eauthor
_96278
245 0 0 _aDictionary of Mathematics Terms
250 _a3ed
264 3 1 _aNew york:Barron,s,2009
336 _atext
_btxt
_2rdacontent
337 _aunmediated
_bn
_2rdamedia
338 _avolume
_bnc
_2rdacarrier
650 4 _amathematics-Dictionary
_96279
999 _aE3257
_c3253
_d3253